Catalog

Record Details

Catalog Search



Jsem město  Cover Image Book Book

Jsem město / Pavel Brycz ; [ilustroval Filip Raif]

Brycz, Pavel, 1968- (Author). Raif, Filip, 1973- (Illustrator).

Record details

  • ISBN: 80-238-3555-6
  • Physical Description: 143 s. : il. ; 20 cm
  • Edition: Vyd. 1.
  • Publisher: V Mostě : Hněvín, 1998
Genre: prozaické texty

Available copies

  • 1 of 1 copy available at Common Catalog SPOK.

Holds

  • 0 current holds with 1 total copy.
Show Only Available Copies
Location Call Number / Copy Notes Barcode Shelving Location Status Due Date
Jabok Library BL-1/Br 424480037237 Beletrie Available -

LDR 00872nam a2200277 a 4500
00123273
003CZ-PrJAB
00520151014082539.0
007tu
008981202s1998 xr a e 000 m cze
015 . ‡acnb000601096
020 . ‡a80-238-3555-6 ‡q(v knize neuvedeno : ‡qbrož.)
035 . ‡a(CZ PrNK)cpk19980601096
035 . ‡a(OCoLC)40790846
040 . ‡aABA001 ‡bcze
072 7. ‡a821-31/-34 ‡xMilostná, dobrodružná, fantastická próza ‡2Konspekt ‡925
080 . ‡a885.0-3 ‡2undef
1001 . ‡aBrycz, Pavel, ‡d1968- ‡7jn20000400291 ‡4aut
24510. ‡aJsem město / ‡cPavel Brycz ; [ilustroval Filip Raif]
250 . ‡aVyd. 1.
260 . ‡aV Mostě : ‡bHněvín, ‡c1998
300 . ‡a143 s. : ‡bil. ; ‡c20 cm
655 4. ‡aprozaické texty
7001 . ‡aRaif, Filip, ‡d1973- ‡7xx0041751 ‡4ill
910 . ‡aABG312
901 . ‡a23273 ‡b ‡c23273 ‡tbiblio

Additional Resources